BIM for cost managers (Record no. 115545)
[ view plain ]
| 000 -LEADER | |
|---|---|
| fixed length control field | 01385cad a22002775a 4500 |
| 001 - CONTROL NUMBER | |
| control field | L158851 |
| 008 - FIXED-LENGTH DATA ELEMENTS--GENERAL INFORMATION | |
| fixed length control field | 130206s2015 xxk f 000 0 eng d |
| 020 ## - INTERNATIONAL STANDARD BOOK NUMBER | |
| International Standard Book Number | 9781783211180 |
| 035 ## - SYSTEM CONTROL NUMBER | |
| System control number | (Sirsi) u158851 |
| 041 0# - LANGUAGE CODE | |
| Language code of text/sound track or separate title | eng |
| 050 04 - LIBRARY OF CONGRESS CALL NUMBER | |
| Classification number | 692.8 |
| 110 2# - MAIN ENTRY--CORPORATE NAME | |
| Corporate name or jurisdiction name as entry element | Royal Institution of Chartered Surveyors |
| 9 (RLIN) | 4900 |
| 245 ## - TITLE STATEMENT | |
| Title | BIM for cost managers |
| Remainder of title | requirements from the BIM model |
| Medium | [electronic resource] |
| 260 ## - PUBLICATION, DISTRIBUTION, ETC. | |
| Place of publication, distribution, etc. | London |
| Name of publisher, distributor, etc. | RICS |
| Date of publication, distribution, etc. | 2015 |
| 300 ## - PHYSICAL DESCRIPTION | |
| Extent | 17p. |
| 490 #0 - SERIES STATEMENT | |
| Series statement | RICS Guidance Note |
| 520 ## - SUMMARY, ETC. | |
| Summary, etc. | Offers an awareness of BIM and provides readers with recommendations for good practice when producing measurement outputs. This guidance note should be used as a source of reference for quantity surveyors (QS) or cost managers when BIM has been implemented in the life cycle of a project. Covers working in a BIM environment, background information on naming structures conventions/data drops, internal practice procedures, and BIM measurement. Effective from August 2015. |
| 590 ## - LOCAL NOTE (RLIN) | |
| Local note | KA |
| 650 24 - SUBJECT ADDED ENTRY--TOPICAL TERM | |
| Topical term or geographic name entry element | LIFE CYCLE COSTS |
| 650 24 - SUBJECT ADDED ENTRY--TOPICAL TERM | |
| Topical term or geographic name entry element | CLASSIFICATION SYSTEM |
| 651 #4 - SUBJECT ADDED ENTRY--GEOGRAPHIC NAME | |
| Geographic name | United Kingdom |
| 690 ## - LOCAL SUBJECT ADDED ENTRY--TOPICAL TERM (OCLC, RLIN) | |
| Topical term or geographic name as entry element | Quantity surveying |
| 9 (RLIN) | 6263 |
| 690 ## - LOCAL SUBJECT ADDED ENTRY--TOPICAL TERM (OCLC, RLIN) | |
| Topical term or geographic name as entry element | BIM |
| 9 (RLIN) | 6219 |
| 856 40 - ELECTRONIC LOCATION AND ACCESS | |
| Uniform Resource Identifier | <a href="https://www.rics.org/profession-standards/rics-standards-and-guidance/sector-standards/construction-standards/bim-for-cost-managers-requirements-from-the-bim-model">https://www.rics.org/profession-standards/rics-standards-and-guidance/sector-standards/construction-standards/bim-for-cost-managers-requirements-from-the-bim-model</a> |
| Public note | View free on RICS.org |
| 942 ## - ADDED ENTRY ELEMENTS (KOHA) | |
| Suppress in OPAC | 0 |
| Source of classification or shelving scheme | Dewey Decimal Classification |
| Withdrawn status | Lost status | Source of classification or shelving scheme | Damaged status | Not for loan | Home library | Current library | Shelving location | Date acquired | Total Checkouts | Full call number | Barcode | Date last seen | Copy number | Price effective from | Koha item type |
|---|---|---|---|---|---|---|---|---|---|---|---|---|---|---|---|
| Dewey Decimal Classification | Virtual | Virtual | Online | 19/08/2015 | ONLINE PUBLICATION | 158851-2001 | 28/04/2023 | 1 | 06/08/2019 | Book |